[Event "Prebor Prahy jednotlivcu + Rejfiruv memorial 2025"]
[Site "Praha"]
[Date "2025.06.04"]
[Round "8.3"]
[White "Kulhanek, Tomas"]
[Black "Lukasiewicz, Aleksander"]
[Result "0-1"]
[WhiteElo "2297"]
[BlackElo "2039"]
[PlyCount "98"]
[GameId "2188318723592416"]
[EventDate "2025.??.??"]

1. e4 e5 2. Nf3 Nc6 3. Bc4 Bc5 4. d3 Nf6 5. Nc3 d6 6. Na4 Bb6 7. a3 Be6 8. Bxe6 fxe6 9. O-O O-O 10. b4 Qe8 11. c3 Nh5 12. d4 exd4 13. Nxb6 axb6 14. Nxd4 Nxd4 15. cxd4 Nf6 16. f3 b5 17. Bg5 Nd7 18. a4 Nb6 19. a5 Nc4 20. Qe2 Qd7 21. Bd2 Ra6 22. f4 Qc6 23. Rac1 Raa8 24. g4 b6 25. Bc3 bxa5 26. bxa5 Qd7 27. Ra1 c6 28. Qd3 Qc7 29. Ra2 Qe7 30. Kh1 e5 31. f5 Qg5 32. a6 Ra7 33. dxe5 dxe5 34. Bb4 Rd8 35. Qf3 Rda8 36. Rfa1 Qd8 37. f6 gxf6 38. g5 fxg5 39. Rg1 Rf7 40. Qh5 Rg7 41. Rf2 Qd4 42. Qf3 c5 43. Rgf1 Kh8 44. Bc3 Qd6 45. Qf6 Qxf6 46. Rxf6 b4 47. Ba1 Rga7 48. Rf8+ Rxf8 49. Rxf8+ Kg7 0-1

[Event "Prebor Prahy jednotlivcu + Rejfiruv memorial 2025"]
[Site "Praha"]
[Date "2025.06.04"]
[Round "8.4"]
[White "Srba, Milan"]
[Black "Pospisil, Evzen"]
[Result "1/2-1/2"]
[WhiteElo "2074"]
[BlackElo "2023"]
[PlyCount "40"]
[GameId "2185088020681783"]
[EventDate "2025.??.??"]

1. e4 c5 2. Nf3 d6 3. d4 cxd4 4. Nxd4 Nf6 5. Nc3 g6 6. Bc4 Bg7 7. O-O O-O 8. Re1 Nc6 9. Bb3 Bd7 10. Be3 Rc8 11. f3 Na5 12. Qd3 a6 13. a4 Nxb3 14. cxb3 e5 15. Nde2 Be6 16. b4 d5 17. exd5 Nxd5 18. Nxd5 Qxd5 19. Qxd5 Bxd5 20. Nc3 Be6 1/2-1/2

[Event "Prebor Prahy jednotlivcu + Rejfiruv memorial 2025"]
[Site "Praha"]
[Date "2025.06.04"]
[Round "8.5"]
[White "Svadlenka, Dominik"]
[Black "Siktanc, Petr"]
[Result "1-0"]
[WhiteElo "2086"]
[BlackElo "2026"]
[PlyCount "99"]
[GameId "2185109334956699"]
[EventDate "2025.??.??"]

1. d4 e6 2. c4 f5 3. g3 Nf6 4. Bg2 Bb4+ 5. Bd2 Bxd2+ 6. Qxd2 O-O 7. Nc3 d6 8. Rd1 Qe7 9. Nf3 c6 10. d5 exd5 11. cxd5 c5 12. Ng5 Na6 13. O-O Nc7 14. e4 h6 15. Ne6 Bxe6 16. dxe6 fxe4 17. Qxd6 Rae8 18. Nxe4 Nxe4 19. Bxe4 Qxe6 20. Qxc7 Qxe4 21. Rd7 Qe5 22. Qxe5 Rxe5 23. Rxb7 Re2 24. f4 Rd8 25. Rf2 Rdd2 26. Rxe2 Rxe2 27. a4 Kh7 28. b3 Rb2 29. Rb5 Kg6 30. Rxc5 Rxb3 31. Rc7 a6 32. Rc6+ Kf5 33. Kg2 Rb2+ 34. Kh3 g5 35. Rc5+ Kf6 36. fxg5+ hxg5 37. Rc4 Rb6 38. Kg4 a5 39. Kh5 Rb4 40. Rc6+ Kf7 41. Kxg5 Rxa4 42. Rc7+ Ke6 43. h4 Ra3 44. g4 a4 45. Ra7 Ra1 46. Kg6 a3 47. g5 a2 48. h5 Ke5 49. h6 Kf4 50. Ra4+ 1-0

[Event "Prebor Prahy jednotlivcu + Rejfiruv memorial 2025"]
[Site "Praha"]
[Date "2025.06.04"]
[Round "8.6"]
[White "Tesar, Jakub"]
[Black "Heller, Jan"]
[Result "1-0"]
[WhiteElo "2051"]
[BlackElo "1947"]
[PlyCount "53"]
[GameId "2185105103718124"]
[EventDate "2025.??.??"]

1. d4 Nf6 2. c4 g6 3. Nc3 Bg7 4. e4 d6 5. Nf3 O-O 6. Be2 Nbd7 7. O-O e5 8. Qc2 a5 9. Be3 Ng4 10. Bg5 f6 11. Bc1 Nh6 12. Rd1 exd4 13. Nxd4 Nc5 14. Be3 Bd7 15. Ndb5 b6 16. a3 Nf7 17. b4 axb4 18. axb4 Rxa1 19. Rxa1 Ne6 20. Ra7 Qb8 21. Qa2 Rc8 22. Nd5 Kf8 23. Nbxc7 Nxc7 24. Nxc7 Ne5 25. Qa6 Rd8 26. Bxb6 Bc8 27. Ne6+ 1-0

[Event "Prebor Prahy jednotlivcu + Rejfiruv memorial 2025"]
[Site "Praha"]
[Date "2025.06.04"]
[Round "8.7"]
[White "Koper, Stefan"]
[Black "Filipi, Stepan"]
[Result "0-1"]
[Annotator "U~ivatel"]
[WhiteElo "1850"]
[BlackElo "2097"]
[PlyCount "70"]
[GameId "2187639868129330"]
[EventDate "2025.??.??"]

1. d4 Nf6 2. c4 e6 3. Nf3 Bb4+ 4. Bd2 Qe7 5. Nc3 O-O 6. Qc2 b6 7. e4 Bb7 8. Bd3 e5 9. d5 a5 10. O-O d6 11. a3 Bxc3 12. Bxc3 a4 13. g3 Bc8 14. Nh4 Bh3 15. Rfe1 Nbd7 16. Bf1 Bxf1 17. Rxf1 g6 18. Rae1 Nh5 19. Qe2 Rae8 20. Bd2 Ng7 21. Bh6 f5 22. exf5 gxf5 23. Qc2 Nc5 24. Bxg7 Qxg7 25. Nxf5 Qg6 26. Ne3 e4 27. Ng2 Nd3 28. Re3 Ne5 29. Nh4 Qg4 30. Qc3 Qh3 31. f4 exf3 32. Nxf3 Rf5 33. Qc2 Rxf3 34. Rfe1 Rxe3 35. Rxe3 Nf3+ 0-1

[Event "Prebor Prahy jednotlivcu + Rejfiruv memorial 2025"]
[Site "Praha"]
[Date "2025.06.04"]
[Round "8.8"]
[White "Docekalova, Alexandra"]
[Black "Plasek, Zdenek"]
[Result "1-0"]
[WhiteElo "1977"]
[BlackElo "1951"]
[PlyCount "45"]
[GameId "2185083613930053"]
[EventDate "2025.??.??"]

1. d4 Nf6 2. e3 d5 3. Bd3 e6 4. Nd2 c6 5. f4 b6 6. Qe2 Be7 7. Ngf3 Bb7 8. Ne5 Qc7 9. O-O Nbd7 10. c3 b5 11. e4 dxe4 12. Nxe4 Nxe4 13. Bxe4 Nf6 14. Bc2 a6 15. f5 exf5 16. Bxf5 O-O 17. Bg5 Nd5 18. Bxh7+ Kxh7 19. Qh5+ Kg8 20. Nxf7 Rxf7 21. Qxf7+ Kh7 22. Bxe7 Nxe7 23. Rf5 1-0

[Event "Prebor Prahy jednotlivcu + Rejfiruv memorial 2025"]
[Site "Praha"]
[Date "2025.06.04"]
[Round "8.9"]
[White "Cejkova, Miroslava"]
[Black "Petras, Milan"]
[Result "0-1"]
[WhiteElo "1963"]
[BlackElo "1967"]
[PlyCount "98"]
[GameId "2185126346284378"]
[EventDate "2025.??.??"]

1. e4 e5 2. Nf3 Nc6 3. Bc4 Bc5 4. c3 Nf6 5. d3 d6 6. O-O Bg4 7. Nbd2 a6 8. Bb3 Qd7 9. h3 Be6 10. Ng5 Bxb3 11. Nxb3 Ba7 12. Be3 h6 13. Nf3 g5 14. Nh2 O-O-O 15. Qf3 Nh7 16. Bxa7 Nxa7 17. d4 Nc6 18. Rad1 Rdg8 19. d5 Nb8 20. c4 b6 21. Rd3 h5 22. Qe3 f5 23. exf5 Qxf5 24. Nd2 Nf6 25. f3 Qg6 26. g4 Nbd7 27. b4 e4 28. Nxe4 Ne5 29. Rd4 hxg4 30. Nxf6 Qxf6 31. fxg4 Qh6 32. Kg2 Rf8 33. c5 Rxf1 34. Nxf1 Rf8 35. Nd2 Qf6 36. cxb6 cxb6 37. Qe2 b5 38. Ne4 Qf3+ 39. Qxf3 Nxf3 40. Rd1 Kd7 41. Rc1 Rf4 42. Nf2 Nh4+ 43. Kf1 Rxb4 44. Nd1 Ng6 45. Ne3 Ra4 46. Rc2 Nf4 47. Kf2 Ra3 48. h4 gxh4 49. Rd2 Ng6 0-1

[Event "Prebor Prahy jednotlivcu + Rejfiruv memorial 2025"]
[Site "Praha"]
[Date "2025.06.04"]
[Round "8.10"]
[White "Mikhno, Artem"]
[Black "Vanek, Petr"]
[Result "1-0"]
[WhiteElo "1853"]
[BlackElo "1982"]
[PlyCount "41"]
[GameId "2185081525030970"]
[EventDate "2025.??.??"]

1. d4 d5 2. c4 c6 3. Nc3 Nf6 4. Bg5 Ne4 5. Bf4 e6 6. e3 g5 7. Be5 f6 8. Nxe4 dxe4 9. Qh5+ Ke7 10. O-O-O Nd7 11. c5 Qe8 12. Bd6+ Kd8 13. Bc7+ Ke7 14. Bd6+ Kd8 15. Bc7+ Ke7 16. Qg4 Qg6 17. Bc4 f5 18. Qg3 Nf6 19. h4 gxh4 20. Qxh4 Qg4 21. Bd8+ 1-0

[Event "Prebor Prahy jednotlivcu + Rejfiruv memorial 2025"]
[Site "Praha"]
[Date "2025.06.18"]
[Round "9.1"]
[White "Lukasiewicz, Aleksander"]
[Black "Muron, Miroslav"]
[Result "1/2-1/2"]
[WhiteElo "2039"]
[BlackElo "2164"]
[PlyCount "27"]
[GameId "2190149394146298"]
[EventDate "2025.??.??"]

1. e4 e5 2. Nf3 Nc6 3. d4 exd4 4. Bc4 Bc5 5. O-O d6 6. c3 dxc3 7. Nxc3 Nf6 8. Bg5 h6 9. Bh4 O-O 10. Nd5 g5 11. Nxg5 Nxd5 12. Bxd5 hxg5 13. Qh5 gxh4 14. Qg6+ 1/2-1/2

[Event "Prebor Prahy jednotlivcu + Rejfiruv memorial 2025"]
[Site "Praha"]
[Date "2025.06.18"]
[Round "9.2"]
[White "Krivanek, Vladimir"]
[Black "Svadlenka, Dominik"]
[Result "0-1"]
[WhiteElo "2172"]
[BlackElo "2086"]
[PlyCount "100"]
[GameId "2190852690542638"]
[EventDate "2025.??.??"]

1. c4 e6 2. Nf3 d5 3. g3 Nf6 4. Bg2 Be7 5. O-O O-O 6. Qc2 d4 7. a3 c5 8. d3 Nc6 9. Bf4 Nd7 10. e4 e5 11. Bc1 Re8 12. h3 Nf8 13. Nbd2 Ne6 14. Kh1 Rf8 15. Nh2 Ng5 16. h4 Ne6 17. Ndf3 a5 18. Bd2 Qc7 19. Rae1 Bd7 20. Ng1 Rfb8 21. a4 Nb4 22. Bxb4 cxb4 23. b3 b5 24. axb5 Bxb5 25. Bh3 Bd7 26. Bxe6 Bxe6 27. Ra1 f5 28. f3 f4 29. Qg2 a4 30. bxa4 fxg3 31. Qxg3 b3 32. Nh3 b2 33. Rab1 Bxh3 34. Qxh3 Rxa4 35. Rg1 Rb6 36. Qg2 Bxh4 37. Rxb2 Rxb2 38. Qxb2 Ra5 39. Ng4 Bg5 40. Qb3 h5 41. Nh2 Be3 42. Rb1 Kh7 43. Qc2 Qa7 44. Qg2 Ra2 45. Qh3 Qf7 46. Rb5 Ra1+ 47. Nf1 Qg6 48. Qg2 Qf6 49. Qh3 Qg5 50. Qg2 Qh4+ 0-1

[Event "Prebor Prahy jednotlivcu + Rejfiruv memorial 2025"]
[Site "Praha"]
[Date "2025.06.18"]
[Round "9.3"]
[White "Matras, Ondrej"]
[Black "Srba, Milan"]
[Result "1-0"]
[WhiteElo "2217"]
[BlackElo "2074"]
[PlyCount "71"]
[GameId "2190856934117988"]
[EventDate "2025.??.??"]

1. d4 Nf6 2. c4 e6 3. Nc3 d5 4. Nf3 Be7 5. Bf4 O-O 6. e3 a6 7. Qc2 c5 8. dxc5 Nc6 9. a3 Bxc5 10. Rd1 Qa5 11. Ne5 Nxe5 12. Bxe5 dxc4 13. Bxf6 gxf6 14. Bxc4 Be7 15. O-O Kh8 16. Bd3 f5 17. Ne2 Qe5 18. e4 fxe4 19. Bxe4 f5 20. Bf3 Ra7 21. Rfe1 b5 22. Nd4 Qf6 23. Qb3 Rd8 24. Nxe6 Rxd1 25. Bxd1 Rd7 26. Nf4 Bb7 27. Nh5 Qd6 28. Qf7 Qg6 29. Qxg6 hxg6 30. Nf4 Kg7 31. Bb3 g5 32. Nh5+ Kg6 33. Ng3 f4 34. Re6+ Kf7 35. Nf5 Bd5 36. Rxe7+ 1-0

[Event "Prebor Prahy jednotlivcu + Rejfiruv memorial 2025"]
[Site "Praha"]
[Date "2025.06.18"]
[Round "9.4"]
[White "Filipi, Stepan"]
[Black "Verner, Matej"]
[Result "1/2-1/2"]
[WhiteElo "2097"]
[BlackElo "2143"]
[PlyCount "45"]
[GameId "2190162449499746"]
[EventDate "2025.??.??"]

1. Nf3 d5 2. d4 c5 3. e3 Nf6 4. Be2 Nc6 5. O-O cxd4 6. exd4 Bf5 7. Bf4 e6 8. c3 Bd6 9. Bxd6 Qxd6 10. Nbd2 O-O 11. Nh4 Be4 12. Nxe4 Nxe4 13. Bd3 f5 14. f3 Nf6 15. f4 Rab8 16. Qe2 Ne4 17. Nf3 Kh8 18. Ne5 Nxe5 19. fxe5 Qd7 20. a4 h6 21. Rf3 b6 22. Rh3 Kg8 23. Rf3 1/2-1/2

[Event "Prebor Prahy jednotlivcu + Rejfiruv memorial 2025"]
[Site "Praha"]
[Date "2025.06.18"]
[Round "9.5"]
[White "Pospisil, Evzen"]
[Black "Mikhno, Artem"]
[Result "1/2-1/2"]
[WhiteElo "2023"]
[BlackElo "1853"]
[PlyCount "88"]
[GameId "2190861721658650"]
[EventDate "2025.??.??"]

1. d4 Nf6 2. Nf3 d5 3. c4 e6 4. g3 Bb4+ 5. Bd2 Be7 6. Bg2 O-O 7. Qc2 c6 8. O-O b6 9. Bf4 Bb7 10. Nbd2 Nbd7 11. Rfd1 Rc8 12. Rac1 h6 13. h3 Nh5 14. Be3 Bd6 15. g4 Nf4 16. Bxf4 Bxf4 17. e3 Bb8 18. b4 Qe7 19. Qb3 Kh8 20. a3 f5 21. cxd5 exd5 22. Qd3 fxg4 23. hxg4 Rce8 24. Bh3 g5 25. Re1 Nf6 26. Qg6 Qg7 27. Qxg7+ Kxg7 28. Nh2 Bxh2+ 29. Kxh2 Nxg4+ 30. Bxg4 Rxf2+ 31. Kg3 Rxd2 32. Bd7 Re7 33. Bxc6 Bxc6 34. Rxc6 Rd3 35. Kg4 Rxa3 36. Rh1 Re4+ 37. Kf5 Rh4 38. Rc7+ Kf8 39. Kf6 Ke8 40. Re7+ Kd8 41. Rc1 Re4 42. Rec7 Raxe3 43. Rc8+ Kd7 44. R1c7+ Kd6 1/2-1/2

[Event "Prebor Prahy jednotlivcu + Rejfiruv memorial 2025"]
[Site "Praha"]
[Date "2025.06.18"]
[Round "9.6"]
[White "Heller, Jan"]
[Black "Docekalova, Alexandra"]
[Result "0-1"]
[WhiteElo "1947"]
[BlackElo "1977"]
[PlyCount "66"]
[GameId "2190172313278462"]
[EventDate "2025.??.??"]

1. d4 e6 2. c4 f5 3. g3 Bb4+ 4. Bd2 Bxd2+ 5. Nxd2 Nf6 6. Bg2 O-O 7. e3 d6 8. Ne2 e5 9. Qc2 c6 10. h4 Na6 11. a3 Qe7 12. dxe5 dxe5 13. b4 Nc7 14. Nb3 Ng4 15. Bf3 f4 16. Bxg4 Bxg4 17. e4 fxg3 18. Nxg3 Qf6 19. Nf5 Bxf5 20. exf5 Qxf5 21. Qxf5 Rxf5 22. Nc5 b6 23. Ne4 Rf4 24. Nd2 Rd8 25. f3 Ne6 26. O-O-O Nd4 27. Kb2 Rdf8 28. Rh3 h6 29. Re1 R8f5 30. Re3 Rh5 31. a4 Kf7 32. a5 Rhxh4 33. Rg3 Nf5 0-1

[Event "Prebor Prahy jednotlivcu + Rejfiruv memorial 2025"]
[Site "Praha"]
[Date "2025.06.18"]
[Round "9.7"]
[White "Siktanc, Petr"]
[Black "Cejkova, Miroslava"]
[Result "1-0"]
[WhiteElo "2026"]
[BlackElo "1963"]
[PlyCount "61"]
[GameId "2190863948162889"]
[EventDate "2025.??.??"]

1. d4 d6 2. g3 Nf6 3. Bg2 c6 4. Nf3 Nbd7 5. O-O e5 6. c4 Be7 7. Nc3 O-O 8. b3 Re8 9. Qc2 Qc7 10. Bb2 Nf8 11. Rfd1 Ng6 12. Rac1 Bg4 13. h3 Bd7 14. c5 exd4 15. cxd6 Bxd6 16. Nxd4 Be5 17. Nf3 Bxc3 18. Bxc3 Nd5 19. Ba1 Qc8 20. Rxd5 cxd5 21. Qb2 f6 22. Rxc8 Raxc8 23. Nd4 Ne7 24. Qd2 Rc7 25. Bb2 Rec8 26. Ba3 Bc6 27. Kh2 Re8 28. h4 Kf7 29. Qd3 g6 30. Bh3 Bd7 31. Bd6 1-0

[Event "Prebor Prahy jednotlivcu + Rejfiruv memorial 2025"]
[Site "Praha"]
[Date "2025.06.18"]
[Round "9.8"]
[White "Petras, Milan"]
[Black "Plasek, Zdenek"]
[Result "1/2-1/2"]
[WhiteElo "1967"]
[BlackElo "1951"]
[PlyCount "118"]
[GameId "2190865784219866"]
[EventDate "2025.??.??"]

1. e4 c5 2. c3 d5 3. exd5 Qxd5 4. Nf3 Nf6 5. d4 e6 6. Bd3 cxd4 7. cxd4 Be7 8. Nc3 Qd6 9. O-O Nc6 10. Be3 O-O 11. Rc1 a6 12. a3 Bd7 13. Bb1 g6 14. Ba2 Rfe8 15. Qd2 Qb8 16. Bf4 Qd8 17. Rfd1 Qa5 18. Be5 Rac8 19. h3 Red8 20. Qh6 Ne8 21. d5 Nxe5 22. Nxe5 Nf6 23. Nxd7 Rxd7 24. dxe6 Rxd1+ 25. Rxd1 Bxa3 26. exf7+ Kh8 27. bxa3 Qxa3 28. Rd3 Qf8 29. Qxf8+ Rxf8 30. Rf3 Kg7 31. Re3 Rc8 32. g4 Nd7 33. g5 Nf8 34. Kg2 b5 35. Ne4 Rc6 36. Nf6 a5 37. Re8 Rc2 38. Bd5 h6 39. h4 hxg5 40. hxg5 Rc5 41. Rxf8 Rxd5 42. Nxd5 Kxf8 43. Kf3 b4 44. Ke4 Kxf7 45. Nf4 a4 46. Kd3 a3 47. Kc2 a2 48. Kb2 b3 49. Ka1 Kg7 50. Kb2 Kf7 51. Ne2 Ke6 52. Nd4+ Ke5 53. Nxb3 Kf4 54. Nd2 Kxg5 55. Kxa2 Kf4 56. Kb2 g5 57. Kc2 g4 58. Kd3 g3 59. Ke2 gxf2 1/2-1/2